000 00268nam a2200109Ia 4500
008 200302s9999 xx 000 0 und d
100 _aKumara Swamy
245 _aBuilding Planning and Drawing
260 _bCharotar Publishing House
260 _c1998
300 _a330 P.,
999 _c1866
_d1866